000 00818ngm a2200205 i 4500
001 C2-0338125
003 PPAK
005 20180727222523.0
008 160929s2015 txu|||| ||||| | vleng d
040 _aPPAK
_beng
_cPPAK
_erda
245 1 2 _aA brave heart :
_bthe Lizzie Velasquez story
264 1 _a[Austin, Texas] :
_bWomen Rising Corporation ,
_c2015
336 _2rdacontent
_atext
337 _2rdamedia
_aunmediated
338 _2rdacarrier
_avolume
500 _aSummary : A documentary following the life of Lizzie Velasquez, her triumphant journey to the other side of bullying, and her mission to inspire and empower a more positive online environment. ; DVD, NTSC; Dolby Digital 5.1 surround.
700 1 _aBordo, Sara Hirsh,
_ecompile
700 1 _aRoldan, Christopher,
_eeditor
942 _2ddc
_cDVD
999 _c167845
_d167845